<?xml version="1.0" encoding="UTF-8"?>
<record
    xmlns:xsi="http://www.w3.org/2001/XMLSchema-instance"
    xsi:schemaLocation="http://www.loc.gov/MARC21/slim http://www.loc.gov/standards/marcxml/schema/MARC21slim.xsd"
    xmlns="http://www.loc.gov/MARC21/slim">

  <leader>01023nam a22002297a 4500</leader>
  <controlfield tag="005">20240314165820.0</controlfield>
  <controlfield tag="008">240307b           ||||| |||| 00| 0 eng d</controlfield>
  <datafield tag="020" ind1=" " ind2=" ">
    <subfield code="a">9781138041936</subfield>
  </datafield>
  <datafield tag="040" ind1=" " ind2=" ">
    <subfield code="c">AL</subfield>
  </datafield>
  <datafield tag="041" ind1=" " ind2=" ">
    <subfield code="a">eng</subfield>
  </datafield>
  <datafield tag="082" ind1=" " ind2=" ">
    <subfield code="2">23</subfield>
    <subfield code="a">306.440973</subfield>
    <subfield code="b">BARE</subfield>
  </datafield>
  <datafield tag="100" ind1=" " ind2=" ">
    <subfield code="a">Rusty Barrett</subfield>
    <subfield code="9">153508</subfield>
  </datafield>
  <datafield tag="245" ind1=" " ind2=" ">
    <subfield code="a">English with an accent</subfield>
    <subfield code="b">: language, ideology, and discrimination in the United States</subfield>
  </datafield>
  <datafield tag="250" ind1=" " ind2=" ">
    <subfield code="a">3rd ed.</subfield>
  </datafield>
  <datafield tag="260" ind1=" " ind2=" ">
    <subfield code="a">London</subfield>
    <subfield code="b">Routledge Taylor and Francis Group</subfield>
    <subfield code="c">2023</subfield>
  </datafield>
  <datafield tag="300" ind1=" " ind2=" ">
    <subfield code="a">xiv,352p.</subfield>
    <subfield code="b">PB</subfield>
    <subfield code="c">25x15cm.</subfield>
  </datafield>
  <datafield tag="365" ind1=" " ind2=" ">
    <subfield code="2">General</subfield>
    <subfield code="a">7741</subfield>
    <subfield code="b">&#x20B9;3305.00</subfield>
    <subfield code="c">&#x20B9;</subfield>
    <subfield code="d">&#x20B9;4406.90</subfield>
    <subfield code="e">25%</subfield>
    <subfield code="f">15/02/2024</subfield>
  </datafield>
  <datafield tag="520" ind1=" " ind2=" ">
    <subfield code="a">English with an Accent has inspired generations of scholars to investigate linguistic discrimination, social categorization, social structures, and power. This new edition is an attempt to retain the spirit of the original while enriching and expanding it.</subfield>
  </datafield>
  <datafield tag="650" ind1=" " ind2=" ">
    <subfield code="2"> Culture and institutions</subfield>
    <subfield code="a"> Culture and institutions</subfield>
    <subfield code="9">153509</subfield>
  </datafield>
  <datafield tag="700" ind1=" " ind2=" ">
    <subfield code="a">Cramer, Jennifer; McGowan Kevin B.</subfield>
    <subfield code="9">153510</subfield>
  </datafield>
  <datafield tag="942" ind1=" " ind2=" ">
    <subfield code="2">ddc</subfield>
    <subfield code="c">BK</subfield>
  </datafield>
  <datafield tag="999" ind1=" " ind2=" ">
    <subfield code="c">230160</subfield>
    <subfield code="d">230160</subfield>
  </datafield>
  <datafield tag="952" ind1=" " ind2=" ">
    <subfield code="0">0</subfield>
    <subfield code="1">0</subfield>
    <subfield code="2">ddc</subfield>
    <subfield code="4">0</subfield>
    <subfield code="7">0</subfield>
    <subfield code="8">MAENG</subfield>
    <subfield code="a">SACPG</subfield>
    <subfield code="b">SACPG</subfield>
    <subfield code="d">2024-03-07</subfield>
    <subfield code="e">Biblios Book Point</subfield>
    <subfield code="g">3305.00</subfield>
    <subfield code="l">0</subfield>
    <subfield code="o">306.440973 BARE</subfield>
    <subfield code="p">PG024640</subfield>
    <subfield code="r">2024-03-07 00:00:00</subfield>
    <subfield code="v">4406.90</subfield>
    <subfield code="w">2024-03-07</subfield>
    <subfield code="y">BK</subfield>
  </datafield>
</record>
